| 000 | 01654nam a22002657a 4500 | ||
|---|---|---|---|
| 003 | GR-AtMCL | ||
| 005 | 20251127150333.0 | ||
| 006 | a|||||r||||||||||| | ||
| 008 | 201201t20212021enka b 001 0deng d | ||
| 020 | _a9781787395541 | ||
| 040 |
_aGR-AtMCL _beng _dGR-AtMCL _eAACR2 |
||
| 100 |
_aBaxter-Wright, Emma _910162 |
||
| 245 | 1 | 0 |
_aLittle book of Yves Saint Laurent : _bthe story of the iconic fashion designer / _cEmma Baxter-Wright. |
| 246 | 3 | 0 | _aYves Saint Laurent |
| 264 | 1 |
_aLondon : _bWelbeck, _c2021. |
|
| 300 |
_a160 p : _billustrations (black and white, and colour) ; _c19 cm |
||
| 490 | 0 | _aLittle guides to style collection | |
| 504 | _aIncludes bibliographical references and index. | ||
| 520 | _aAn enigmatic, daring and astonishingly creative designer, Yves Saint Laurent is credited with the elevation of haute couture to fine art, turning the fashion show into a spectacle of breathtaking proportions, and revolutionizing the gendered norms of womenswear. Describing Saint Laurent's beginnings in Algeria as a precocious boy making miniature garments from fabric scraps, Little Book of Yves Saint Laurent depicts, in beautiful photographs and insightful text, the designer's ascent from fashion student to the right-hand of Christian Dior. Going on to found his own fashion house in 1961, Saint Laurent created his famous 'le smoking' trouser suit, brought the leather jacket to the mainstream and astounded the fashion world with his blend of elegance and artistic drama. | ||
| 650 | 0 |
_aFashion designers _zFrance. |
|
| 650 | 0 |
_aFashion _99926 |
|
| 650 | 0 |
_aFashion design _910081 |
|
| 942 | _cBK | ||
| 999 |
_c9967 _d9967 |
||